Представление документа в формате MARC21

Поле Инд. ПП Название Значение
Тип записи a
Библиографический уровень b
001 Контрольный номер RU/IS/BASE/264552933
005 Дата корректировки 20200522190615.4
008 Кодируемые данные 19951127
084 a Индекс другой классификации/Индекс ББК 65.013.8
097 00 a 750
100 10 a Автор Черников Д.
245 00 a Заглавие Крах радикализма и эволюционистская альтернатива
650 a Основная рубрика экономика
a Основная рубрика экономическая теория
653 00 a Ключевые слова внешнеэкономическая деятельность
a Ключевые слова государственное регулирование
a Ключевые слова инвестиции
a Ключевые слова инфляция
a Ключевые слова макроэкономика
a Ключевые слова переходная экономика
a Ключевые слова приватизация
a Ключевые слова промышленность
a Ключевые слова Россия
773 00 t Заглавие источника Российский экономический журнал
d Дата издания источника 1995
g Прочая информация № 3. - С. 27 - 43
w Контрольный № источника RU/IS/BASE/140876048
901 t Тип документа b